| 000 | 00677nam a2200229 i 4500 | ||
|---|---|---|---|
| 003 | DO-SdBNP | ||
| 005 | 20250401151255.0 | ||
| 007 | ta | ||
| 008 | 250401t1988 dr 000 0 spa d | ||
| 040 |
_aDO-SdBNP _bspa _cBNPHU _erda |
||
| 082 |
_axxxx _bG943 _222 |
||
| 245 | 0 | 0 | _aGuía para el autoestudio / |
| 264 |
_aSanto Domingo : _bADAA, _c1988. |
||
| 300 |
_a44 páginas _c21 cm. |
||
| 336 |
_atexto _btxt _2rdacontent |
||
| 337 |
_asin mediación _bn _2rdamedia |
||
| 338 |
_avolumen _bnc _2rdacarrier |
||
| 590 | _aInventariado, 2025/ YL | ||
| 710 | 1 |
_aAsociación Dominicana para el Autoestudio y la Acreditación (ADAA) _987290 |
|
| 910 | _aYLockward | ||
| 942 |
_2ddc _cLF2 |
||
| 999 |
_c58541 _d58541 |
||